Guess the Nation by the portrait - Statistics

General Stats
  • This quiz has been taken 83 times
  • The average score is 5 of 16
Answer Stats
Picture Answer % Correct
South korea
62%
Thailand
62%
Bangladesh
56%
Iran
52%
Indonesia
42%
Canada
41%
Finland
37%
Netherlands
35%
Kenya
28%
Egypt
27%
Argentina
25%
Morocco
23%
Ghana
20%
Syria
17%
New Zealand
13%
Serbia
10%
No matching quizzes found
Score Distribution
Percent of People with Each Score
Percentile by Number Answered
Your Score History
You have not taken this quiz